000 00604nab a2200193 a 4500
005 20210219161847.0
008 991125s1985 mx 000 0 spa u
035 _aUPN01000193101
100 1 _aMayordomo Pérez, Alejandro
222 _aREVISTA ESPAÑOLA DE PEDAGOGIA
245 _aEl compromiso social y cívico de la universidad española : una revisión histórica
260 _aMéxico
300 _a415-438
362 0 _a2003, Vol. 61, no. 226 (sept.-dic.)
653 0 _aDERECHO A LA EDUCACION
653 0 _aEDUCACION Y SOCIEDAD
653 0 _aVALORES EN LA EDUCACION
905 _aArticulo
999 _c165202
_d165202